000 00439nam a2200169 a 4500
001 0000-8646
003 ELIB.Books
008 110520 1966
035 _a(ELIB.Books)0000-8792
082 _a260
_bJoh
100 _aJohnson, Alvin D
245 _aThe Work of the Usher
260 _bValley Forge: The Jadson Press
_c1966
650 _aChristian Church - Society
942 _2ddc
_cBK
998 _cbat
_e2011-05-20
999 _c8646
_d8646